Wikipedian Colors Quiz Stats

 Plays Quiz not verified by Sporcle

Support Sporcle.
Go Orange.
Score 0/15 Timer 10:00
0 Plays Today
Color Wiki Reading % Correct
___ is one of the three primary colours of pigments in painting and traditional colour theory, as well as in the RGB colour model. It lies between violet and green on the spectrum Blue
100%
___ is an intermediate color between black and white. It is a neutral color or achromatic color.Grey
88.9%
___ is the color at the end of the visible spectrum of light, next to orange and opposite violet.Red
77.8%
___ is a color intermediate between blue and red.Purple
77.8%
___ is the color between yellow and red on the spectrum of visible light.Orange
77.8%
___ is the darkest color, the result of the absence or complete absorption of visible light.Black
77.8%
___ is a pale tone of brown. The name is derived from tannum (oak bark) used in the ___ing of leatherTan
77.8%
___ is the color between orange and green on the spectrum of visible light.Yellow
66.7%
Color Wiki Reading % Correct
___ is a blue/green color, based on the gem of the same name.Turquoise
66.7%
___ is a composite color. In the CMYK color model used in printing or painting, ___ is made by combining red, black, and yellow, or red, yellow, and blueBrown
66.7%
___ is a pale shade of red that is named after a flower of the same name.Pink
66.7%
___ is a color that is variously defined as purplish-red, reddish-purple or mauvish-crimson.Magenta
55.6%
___ is a color that is a light bluish tint of green that is in-between Blue and spring green on the color wheel.Aquamarine
33.3%
The color ___ is a moderate, transparent violet. Its name is derived from the stone ___, a form of quartz. Amethyst
33.3%
The color ___ is a pure chroma color, located on the color wheel midway between the colors of yellow and orange. Amber
11.1%

You're not logged in!

Compare scores with friends on all Sporcle quizzes.
OR
Log In

From the Vault

Boy Bands

by garybrown

You don't have to admit how many of these you recognize, that can be your little secret.
Remove Ads.
Support Sporcle.
Get the best of Sporcle when you Go Orange. This ad-free experience offers more features, more stats, and more fun while also helping to support Sporcle. Thank you for becoming a member.

Show Comments

Extras

Top Quizzes Today


Score Distribution

Your Account Isn't Verified!

In order to create a playlist on Sporcle, you need to verify the email address you used during registration. Go to your Sporcle Settings to finish the process.

Report this User

Report this user for behavior that violates our Community Guidelines.

Details: